To Develop Computerized Library System for Military College of Signals (Record no. 184278)

000 -LEADER
fixed length control field 00453 a2200169 4500
003 - CONTROL NUMBER IDENTIFIER
control field Nust
005 - DATE AND TIME OF LATEST TRANSACTION
control field 20170207153340.0
040 ## - CATALOGING SOURCE
Transcribing agency Nust
082 ## - DEWEY DECIMAL CLASSIFICATION NUMBER
Classification number 005.1
100 ## - MAIN ENTRY--PERSONAL NAME
Personal name Mahmood , Asif Jalil Capt BESE-01
245 ## - TITLE STATEMENT
Title To Develop Computerized Library System for Military College of Signals
Statement of responsibility, etc. Capt Asif Jalil Mahmood , BESE-01
260 ## - PUBLICATION, DISTRIBUTION, ETC.
Name of publisher, distributor, etc. MCS
Date of publication, distribution, etc. 1999
300 ## - PHYSICAL DESCRIPTION
Extent 104p
538 ## - SYSTEM DETAILS NOTE
System details note T4 And Shelf No 2
650 ## - SUBJECT ADDED ENTRY--TOPICAL TERM
Topical term or geographic name entry element UG Projects
651 ## - SUBJECT ADDED ENTRY--GEOGRAPHIC NAME
Geographic name UG CS Projects
942 ## - ADDED ENTRY ELEMENTS (KOHA)
Koha item type
Holdings
Withdrawn status Lost status Source of classification or shelving scheme Damaged status Not for loan Permanent Location Current Location Shelving location Date acquired Full call number Barcode Date last seen Price effective from Koha item type Public note
          Military College of Signals (MCS) Military College of Signals (MCS) Reference 12/12/2016 005.1,MAH MCSPCS-7 12/08/2016 12/12/2016 Project Report MCSPCS-5
© 2023 Central Library, National University of Sciences and Technology. All Rights Reserved.